Alabama County Seats by Population - Statistics

General Stats
  • This quiz has been taken 72 times
  • The average score is 11 of 69
Answer Stats
Answer County Population % Correct
Birmingham Jefferson 200,733
100%
Huntsville Madison 215,006
100%
Mobile Mobile 187,041
100%
Montgomery Montgomery 200,603
100%
Tuscaloosa Tuscaloosa 99,600
89%
Dothan Houston 71,072
78%
Decatur Morgan 57,938
56%
Florence Lauderdale 40,184
44%
Gadsden Etowah 33,945
44%
Anniston Calhoun 21,564
33%
Cullman Cullman 18,213
33%
Enterprise Coffee 28,711
33%
Talladega Talladega 15,861
33%
Bay Minette Baldwin 8,107
22%
Opelika Lee 30,995
22%
Prattville Autauga 37,781
22%
Selma Dallas 17,971
22%
Troy Pike 17,727
22%
Carrollton Pickens 1,023
11%
Columbiana Shelby 4,462
11%
Evergreen Conecuh 3,520
11%
Fayette Fayette 4,285
11%
Fort Payne DeKalb 14,877
11%
Greenville Butler 7,374
11%
Hamilton Marion 7,042
11%
Hayneville Lowndes 830
11%
Heflin Cleburne 3,431
11%
Jasper Walker 14,572
11%
Livingston Sumter 3,436
11%
Ozark Dale 14,368
11%
Phenix City Russell 38,816
11%
Rockford Coosa 349
11%
Scottsboro Jackson 15,578
11%
Vernon Lamar 1,921
11%
Wedowee Randolph 737
11%
Abbeville Henry 2,358
0%
Andalusia Covington 8,805
0%
Ashland Clay 1,984
0%
Ashville St. Clair 2,346
0%
Athens Limestone 25,406
0%
Brewton Escambia 5,276
0%
Butler Choctaw 1,871
0%
Camden Wilcox 1,927
0%
Centre Cherokee 3,587
0%
Centreville Bibb 2,800
0%
Chatom Washington 1,104
0%
Clanton Chilton 8,768
0%
Clayton Barbour 2,265
0%
Dadeville Tallapoosa 3,084
0%
Double Springs Winston 1,119
0%
Elba Coffee 3,508
0%
Eutaw Greene 2,937
0%
Geneva Geneva 4,245
0%
Greensboro Hale 2,218
0%
Grove Hill Clarke 1,818
0%
Guntersville Marshall 8,553
0%
LaFayette Chambers 2,684
0%
Linden Marengo 1,930
0%
Luverne Crenshaw 2,765
0%
Marion Perry 3,176
0%
Monroeville Monroe 5,951
0%
Moulton Lawrence 3,398
0%
Oneonta Blount 6,938
0%
Pell City St. Clair 12,939
0%
Russellville Franklin 10,855
0%
Tuscumbia Colbert 9,054
0%
Tuskegee Macon 9,395
0%
Union Springs Bullock 3,358
0%
Wetumpka Elmore 7,220
0%
No matching quizzes found
Score Distribution
Percent of People with Each Score
Percentile by Number Answered
Your Score History
You have not taken this quiz